[Event "34th Olympiad Women"]
[Site "Istanbul TUR"]
[Date "2000.11.07"]
[Round "10"]
[White "Shukurova,M"]
[Black "Mrvova,A"]
[Result "0-1"]
[WhiteElo "2255"]
[BlackElo "2231"]

1.e4 c5 2.c3 Nf6 3.e5 Nd5 4.d4 cxd4 5.Nf3 e6 6.cxd4 d6 7.Nc3 Nxc3 8.bxc3 Qc7
9.Bd2 Nd7 10.Bd3 dxe5 11.O-O Be7 12.Nxe5 Nxe5 13.Bf4 Bd6 14.dxe5 Bxe5 15.Bb5+ Ke7
16.Bxe5 Qxe5 17.Qa4 a6 18.Qb4+ Kf6 19.Bd3 g6 20.Rae1 Qc7 21.Qd4+ e5 22.Qh4+ Kg7
23.f4 exf4 24.Rxf4 Qb6+ 25.Kh1 Rf8 26.Bc4 Bf5 27.Qg3 Qc7 28.Bd5 Rad8 29.c4 b5
30.Ref1 Rd7 31.Qc3+ f6 32.Qb3 bxc4 33.Bxc4 Rb8 34.Qe3 Qe5 35.Qc1 Rb1 36.Rxf5 Rxc1
37.Rxe5 Rxf1+ 38.Bxf1 fxe5 39.Kg1 Rd1 40.a4 Ra1 41.Kf2 Rxa4  0-1

[Event "Chigorin Mem"]
[Site "St Petersburg RUS"]
[Date "2000.11.08"]
[Round "7"]
[White "Kharashkina,B"]
[Black "Prosunchikov,G"]
[Result "1-0"]
[WhiteElo "2139"]
[BlackElo "2059"]

1.e4 c5 2.c3 Nf6 3.e5 Nd5 4.d4 cxd4 5.Nf3 Qa5 6.Qxd4 Nc6 7.Qe4 e6 8.Bd3 f5
9.Qe2 Be7 10.h4 a6 11.g4 f4 12.Ng5 Qc7 13.Nf3 b5 14.a4 Bb7 15.axb5 axb5 16.Rxa8+ Bxa8
17.Bxb5 Na5 18.Nbd2 O-O 19.Bd3 Ne3 20.fxe3 fxe3 21.Ne4 Bd5 22.O-O Rf4 23.Nfg5 Qxe5
24.Rxf4 Qxf4 25.Bxe3 Qb8 26.Qf2 e5 27.Qf5 Bxg5 28.Nxg5 Qb3 29.Bc5 Qd1+ 30.Bf1  1-0

[Event "Chigorin Mem"]
[Site "St Petersburg RUS"]
[Date "2000.11.08"]
[Round "7"]
[White "Salinnikov,D"]
[Black "Nadyrhanov,S"]
[Result "1/2-1/2"]
[WhiteElo "2391"]
[BlackElo "2532"]

1.e4 c5 2.c3 Nf6 3.e5 Nd5 4.Nf3 Nc6 5.d4 cxd4 6.cxd4 d6 7.Bc4 e6 8.O-O Be7
9.Qe2 O-O 10.Re1 Qb6 11.Qe4 dxe5 12.dxe5 Bc5 13.Re2 Nd4 14.Nxd4 Bxd4 15.Rd2 Bc5
16.Nc3 Nxc3 17.bxc3 Rd8 18.Rb1 Qc7 19.Rb3  1/2-1/2

[Event "Chigorin Mem"]
[Site "St Petersburg RUS"]
[Date "2000.11.08"]
[Round "7"]
[White "Alekseev,E"]
[Black "Kurnosov,I"]
[Result "1-0"]
[WhiteElo "2497"]
[BlackElo "2374"]

1.e4 c5 2.c3 Nf6 3.e5 Nd5 4.d4 cxd4 5.Nf3 Nc6 6.Bc4 Nb6 7.Bb3 d5 8.exd6 Qxd6
9.O-O Be6 10.Na3 Bxb3 11.Qxb3 Qd5 12.Nb5 Rc8 13.Nfxd4 Nxd4 14.Nxd4 e6 15.Be3 Bc5
16.Qb5+ Qd7 17.Rad1 Nd5 18.Qxd7+ Kxd7 19.Nf5 Kc6 20.Bxc5 Kxc5 21.c4 Nc3 22.bxc3 exf5
23.Rd7 b6 24.Rxf7 g6 25.Rb1 a5 26.g3 Rc6 27.Rb7 Kxc4 28.R1xb6 Rxb6 29.Rxb6 Kxc3
30.a4 Kc4 31.Rb5 Rd8 32.Rxa5 Rd7 33.Kg2 Kb4 34.Ra6 Kc5 35.Kf3 Rd4 36.Ra7 h5
37.Ra6 g5 38.Ra5+ Kd6 39.Rxf5 g4+ 40.Ke3 Rxa4 41.Rxh5 Ke6 42.h3 Ra3+ 43.Ke2 Ra2+
44.Kf1 gxh3 45.Rxh3 Kf5 46.Kg2  1-0

[Event "Chigorin Mem"]
[Site "St Petersburg RUS"]
[Date "2000.11.08"]
[Round "7"]
[White "Krassilnikov,E"]
[Black "Korbut,E"]
[Result "1-0"]
[WhiteElo "2262"]
[BlackElo "2336"]

1.e4 c5 2.c3 Nf6 3.e5 Nd5 4.d4 cxd4 5.Nf3 Nc6 6.Bc4 e6 7.cxd4 d6 8.O-O Be7
9.exd6 Qxd6 10.Nc3 Nxc3 11.bxc3 O-O 12.Qe2 b6 13.Bd3 Bb7 14.Ng5 Bxg5 15.Bxg5 Qd5
16.f4 Rac8 17.Bf6 Nb4 18.Rf3 Nxd3 19.Rg3 g6 20.Qxd3 Rfe8 21.Be5 Kf8 22.Qd2 Ke7
23.Rg5 Qc4 24.d5 Bxd5 25.Rg3 f6 26.Bd4 Kf7 27.Rh3 h5 28.Qf2 Rc6 29.Qh4 e5
30.fxe5 fxe5 31.Rf1+ Kg7 32.Re3 Qxa2 33.Qg3 Kh7 34.Bxe5 Rc4 35.h3 a5 36.Qg5 Rc6
37.Bf4 Rxe3 38.Bxe3 Qxg2+ 39.Qxg2 Bxg2 40.Kxg2 Rxc3 41.Bxb6 a4 42.Rf7+ Kh6
43.h4 Rd3 44.Bc7 g5 45.Rf6+ Kg7 46.hxg5 Rd4 47.Kf3 Rd5 48.Kf4 Kg8 49.Ra6  1-0

[Event "34th Olympiad Women"]
[Site "Istanbul TUR"]
[Date "2000.11.09"]
[Round "12"]
[White "Kouvatsou,M"]
[Black "Gruenenwald,E"]
[Result "1-0"]
[WhiteElo "2223"]
[BlackElo "2038"]

1.e4 c5 2.c3 Nf6 3.e5 Nd5 4.d4 cxd4 5.Nf3 Nc6 6.Bc4 e6 7.cxd4 d6 8.O-O Be7
9.Qe2 O-O 10.h3 a6 11.Rd1 Na5 12.Bd3 Nb4 13.exd6 Qxd6 14.Nc3 Nxd3 15.Rxd3 Nc6
16.Ne4 Qd5 17.Bf4 Bd7 18.Nc5 Nd8 19.Nxd7 Qxd7 20.Rc1 Nc6 21.Ne5 Nxe5 22.dxe5 Qb5
23.Qc2 Rad8 24.Rg3 Rfe8 25.Rb3 Qd5 26.Qc4 Qxc4 27.Rxc4 Rd7 28.Rbc3 Bd8 29.Rc8 Kf8
30.Be3 Be7 31.R8c7 Red8 32.Bb6 Ke8 33.Kh2 Rxc7 34.Rxc7 Rd7 35.Rc8+ Bd8 36.Rb8 h5
37.Kg3 Rd5 38.Bxd8 Rxd8 39.Rxb7 Rd5 40.Kf4 g6 41.Ke4 Rd2 42.Ke3 Rd5 43.f4 Rc5
44.a4 g5 45.b4 gxf4+ 46.Kxf4 Rc4+ 47.Ke3 h4 48.a5 Rc3+ 49.Kf4 Rg3 50.b5  1-0

[Event "34th Olympiad Women"]
[Site "Istanbul TUR"]
[Date "2000.11.09"]
[Round "12"]
[White "Uskova,F"]
[Black "Calzetta,M"]
[Result "1/2-1/2"]
[WhiteElo "2285"]
[BlackElo "2282"]

1.e4 c5 2.c3 Nf6 3.e5 Nd5 4.Nf3 Nc6 5.Bc4 Nb6 6.Bb3 c4 7.Bc2 g6 8.O-O Bg7
9.Re1 O-O 10.b3 d5 11.exd6 Qxd6 12.Qe2 Be6 13.Na3  1/2-1/2

[Event "Chigorin Mem"]
[Site "St Petersburg RUS"]
[Date "2000.11.09"]
[Round "8"]
[White "Deviatkin,A"]
[Black "Krassilnikov,E"]
[Result "1-0"]
[WhiteElo "2394"]
[BlackElo "2262"]

1.e4 c5 2.c3 Nf6 3.e5 Nd5 4.d4 cxd4 5.Qxd4 e6 6.Nf3 Nc6 7.Qe4 f5 8.Qe2 b6
9.g3 a5 10.Bg2 Ba6 11.c4 Bc5 12.O-O O-O 13.b3 a4 14.Ba3 Qc7 15.Bxc5 bxc5
16.Qd2 Nde7 17.Nc3 axb3 18.axb3 Ng6 19.Rfe1 Rfb8 20.Na4 Nb4 21.Red1 Bc8 22.Ne1 Nc6
23.Qd6 Qxd6 24.exd6 Ra6 25.Nxc5 Rxa1 26.Rxa1 Nce5 27.Ra5 Nf7 28.Rb5 Rxb5
29.cxb5 Nxd6 30.b6 Ne5 31.b7 Bxb7 32.Nxb7 Nb5 33.Nc5 g5 34.Nxd7 Nxd7 35.Bc6 Nc5
36.Bxb5 Nxb3 37.Nf3 h6 38.Bc4 Nc5 39.Nd4 Kh7 40.Bxe6 f4 41.Bf5+ Kg8 42.gxf4 gxf4
43.Kg2  1-0

[Event "Chigorin Mem"]
[Site "St Petersburg RUS"]
[Date "2000.11.09"]
[Round "8"]
[White "Rusanov,M"]
[Black "Brodsky,M"]
[Result "0-1"]
[WhiteElo "2405"]
[BlackElo "2532"]

1.e4 c5 2.c3 Nf6 3.e5 Nd5 4.d4 cxd4 5.Qxd4 e6 6.Nf3 Nc6 7.Qe4 f5 8.Qe2 Qc7
9.g3 b5 10.Bg2 a5 11.O-O Ba6 12.Bf4 Be7 13.Nbd2 O-O 14.Rfe1 b4 15.c4 Nxf4
16.gxf4 a4 17.Red1 Rad8 18.b3 Rfe8 19.bxa4 d5 20.Rdc1 dxc4 21.Nxc4 Na5 22.Nxa5 Qxc1+
23.Rxc1 Bxe2 24.Nc6 Rd1+ 25.Rxd1 Bxd1 26.a5 Be2 27.Nfd4 Bc4 28.Nc2 Bc5 29.N2xb4 Bxb4
30.Nxb4 Rb8 31.a3 Rb5 32.a6 Ra5 33.Bb7 Rxa3 34.f3 Kf7 35.Kf2 Ke8 36.Ke1 Kd7
37.Nc2 Ra5 38.Nb4 Kc7 39.Kd2 Ra3 40.Nc2 Rd3+ 41.Ke1 Kb6 42.h3 Rd8 43.Na3 Bxa6
44.Bxa6 Kxa6 45.Ke2 Kb6 46.Nc4+ Kc5 47.Nd6 Rb8 48.Kf2 Kd4 49.Kg3 Ke3 50.Nf7 Rb1
51.Nd8 Rg1+  0-1

[Event "34th Olympiad"]
[Site "Istanbul TUR"]
[Date "2000.11.10"]
[Round "13"]
[White "Samuel, B"]
[Black "Camilleri,S"]
[Result "1-0"]
[WhiteElo "2117"]
[BlackElo "2097"]

1.e4 c5 2.c3 Nf6 3.e5 Nd5 4.Nf3 Nc6 5.Bc4 Nb6 6.Bb3 c4 7.Bc2 d6 8.exd6 Qxd6
9.d4 cxd3 10.Bxd3 Bg4 11.O-O Rd8 12.Be2 Qxd1 13.Rxd1 Rxd1+ 14.Bxd1 e5 15.Nbd2 Be7
16.h3 Bf5 17.b4 e4 18.b5 Na5 19.Nd4 Bg6 20.Bc2 f5 21.g4 fxg4 22.hxg4 O-O
23.Nxe4 Rc8 24.Bd2 Nac4 25.Be1 Kh8 26.a4 Ne5 27.f3 Nbc4 28.Bg3 Bd8 29.Kf2 Ba5
30.Rc1 Rd8 31.Bb1 Bb6 32.Ke2 h6 33.Bf2 Re8 34.Rg1 Ba5 35.Nf5 Bb6 36.f4 Nxg4
37.Bxb6 axb6 38.Nxg7 Kxg7 39.Rxg4 Kh7 40.Kf3 Bxe4+ 41.Bxe4+ Kh8 42.Rg2 Re7
43.f5 Nd6 44.Bd3 Rc7 45.Rg6 Nf7 46.Rxb6 Rxc3 47.Ke4 Ra3 48.Bc2 Rc3 49.Bd1 Kg8
50.Kd4 Rc7 51.Bb3 h5 52.Rh6 Kg7 53.Rxh5 Kf6 54.Bxf7 Rxf7 55.Kc5 Ke5 56.a5 Rc7+
57.Kb6 Rf7 58.a6 bxa6 59.bxa6 Rf6+ 60.Kb5 Rf7 61.Rh6  1-0

[Event "34th Olympiad"]
[Site "Istanbul TUR"]
[Date "2000.11.10"]
[Round "13"]
[White "Bibasa,B"]
[Black "Frick,R"]
[Result "1-0"]
[WhiteElo "2226"]
[BlackElo "2156"]

1.e4 c5 2.c3 Nf6 3.e5 Nd5 4.d4 cxd4 5.cxd4 e6 6.Nf3 b6 7.a3 Bb7 8.Bd3 d6
9.O-O Be7 10.Nc3 Nxc3 11.bxc3 Qc7 12.Bf4 Nd7 13.Rc1 h6 14.a4 Rd8 15.Re1 g5
16.exd6 Bxd6 17.Bxd6 Qxd6 18.Bb5 O-O 19.Bxd7 Qxd7 20.Ne5 Qd5 21.f3 f6 22.Qc2 f5
23.h4 Rf6 24.hxg5 hxg5 25.Qd2 f4 26.Ng4 Rg6 27.Re5 Qd6 28.Qd3 Kg7 29.Rce1 Bc8
30.a5 Bd7 31.axb6 axb6 32.Nf2 Be8 33.Qc4 Bf7 34.Qb5 Be8 35.Qb3 Bf7 36.Rb1 Ra8
37.Qxb6 Qa3 38.Qb2 Qe7 39.d5 Qc5 40.c4 Kg8 41.dxe6  1-0

[Event "34th Olympiad"]
[Site "Istanbul TUR"]
[Date "2000.11.10"]
[Round "13"]
[White "Sequera,J"]
[Black "Nedev,T"]
[Result "0-1"]
[WhiteElo "2357"]
[BlackElo "2487"]

1.e4 c5 2.c3 Nf6 3.e5 Nd5 4.d4 cxd4 5.Qxd4 e6 6.Nf3 Nc6 7.Qe4 d6 8.Nbd2 f5
9.exf6 Nxf6 10.Qh4 Be7 11.Bd3 O-O 12.O-O d5 13.Re1 e5 14.Nxe5 Ne4 15.Qh5 Rf5
16.Nxc6 bxc6 17.Qd1 Nxf2 18.Qe2 Nxd3 19.Qxd3 Bc5+ 20.Kh1 Rh5 21.Nf3 Bf5 22.Qe2 Be4
23.Bf4 Qf6 24.Nd4 Qg6 25.Kg1 a5 26.Rad1 Rf8 27.Rf1 Rhf5 28.Be3 Bxd4 29.Bxd4 Bf3
30.Rxf3 Rxf3 31.Bc5 R8f6 32.Bd4 R6f5 33.Re1 R3f4 34.Qa6 h5 35.g3 h4 36.Re7 Rf7
37.Qc8+ Kh7 38.Re1 Re7 39.Bf2 Rxe1+ 40.Bxe1 Re4 41.Bf2 Re2 42.Qh3 Qb1+ 43.Kg2 Qe4+  0-1

[Event "Chigorin Mem"]
[Site "St Petersburg RUS"]
[Date "2000.11.10"]
[Round "9"]
[White "Feoktistov,A"]
[Black "Ekdyshman,M"]
[Result "1-0"]
[WhiteElo "2394"]
[BlackElo "2269"]

1.e4 c5 2.c3 Nf6 3.e5 Nd5 4.Nf3 e6 5.d4 cxd4 6.cxd4 Nc6 7.a3 Be7 8.Bd3 O-O
9.Nc3 Nxc3 10.bxc3 d5 11.h4 f5 12.exf6 gxf6 13.Ng5 f5 14.Qh5 Bxg5 15.hxg5 Qe7
16.g6 e5 17.Bg5 Qd7 18.Qh6 hxg6 19.Qxg6+ Qg7 20.Qxg7+ Kxg7 21.Bh6+ Kf7 22.Bxf8 Kxf8
23.dxe5 Nxe5 24.Kd2 Kg7 25.Rae1 Ng6 26.g4 Nf4 27.Re8 fxg4 28.Rh7+ Kf6 29.Bc2 Nh3
30.Rhh8 Nxf2 31.Rhf8+ Kg5 32.Rxf2  1-0

[Event "FSIM November"]
[Site "Budapest HUN"]
[Date "2000.11.13"]
[Round "10"]
[White "Jamrich,G"]
[Black "Vigorito,D"]
[Result "1/2-1/2"]
[WhiteElo "2225"]
[BlackElo "2314"]

1.e4 c5 2.c3 Nf6 3.e5 Nd5 4.d4 cxd4 5.Nf3 Nc6 6.Bc4 Nb6 7.Bb3 d5 8.exd6 Qxd6
9.O-O Be6 10.Na3 dxc3 11.Qe2 Bxb3 12.Nb5 Qb8 13.axb3 e5  1/2-1/2

[Event "FSIM November"]
[Site "Budapest HUN"]
[Date "2000.11.15"]
[Round "12"]
[White "Jamrich,G"]
[Black "Rajlich,V"]
[Result "1-0"]
[WhiteElo "2225"]
[BlackElo "2209"]

1.e4 c5 2.c3 Nf6 3.e5 Nd5 4.Nf3 e6 5.Bc4 Nb6 6.Bb3 c4 7.Bc2 d5 8.d4 cxd3
9.Bxd3 Nc6 10.O-O Nd7 11.Re1 a5 12.Nbd2 b6 13.Nb3 Ba6 14.Bc2 Qc7 15.Bf4 Rc8
16.Nbd4 Nxd4 17.Nxd4 g6 18.Qg4 Bg7 19.Nxe6 fxe6 20.Qxe6+ Kf8 21.Qxd5 Bb7
22.Qd2 Nxe5 23.Rad1 Re8 24.Bb3 Qc6 25.f3 a4 26.Rxe5 Rxe5 27.Qd8+ Qe8 28.Qd6+ Re7
29.Bg5 axb3 30.Re1 bxa2 31.Rxe7 a1=Q+ 32.Kf2 Qxb2+ 33.Kg3  1-0

[Event "It Jose Rubinstein"]
[Site "Vicente Lopez ARG"]
[Date "2000.11.17"]
[Round "2"]
[White "Feige,J"]
[Black "Quiroga,F"]
[Result "0-1"]
[WhiteElo "2135"]
[BlackElo "2398"]

1.e4 c5 2.c3 Nf6 3.e5 Nd5 4.d4 cxd4 5.Nf3 Nc6 6.cxd4 d6 7.Bc4 Nb6 8.Bb3 dxe5
9.Nxe5 Nxe5 10.dxe5 Qxd1+ 11.Kxd1 Bd7 12.Be3 Bc6 13.f3 Nd5 14.Bxd5 Bxd5 15.Nc3 Bc6
16.Ke2 e6 17.a4 a6 18.Rhb1 Bb4 19.Na2 Be7 20.Nc3 Rc8 21.Bd4 O-O 22.Ke3 Rfd8
23.Ne2 f6 24.b4 Rd5 25.f4 Rcd8 26.Rb3 Be8 27.exf6 gxf6 28.Bc5 Bxc5+ 29.bxc5 Bc6
30.Rc1 e5 31.g3 Re8 32.f5 Red8 33.g4 Rd2 34.h4 Ra2 35.Nc3 Rh2 36.Rcb1 Rh3+
37.Ke2 Rdd3 38.Rc1 Rdg3 39.Kf1 Rh1+  0-1

[Event "Mitropa Cup"]
[Site "Aymavilles ITA"]
[Date "2000.11.18"]
[Round "1"]
[White "Vaculik,M"]
[Black "Costantini,R"]
[Result "1/2-1/2"]
[WhiteElo "2222"]
[BlackElo "2233"]

1.e4 c5 2.c3 Nf6 3.e5 Nd5 4.d4 cxd4 5.Nf3 d6 6.Bc4 dxe5 7.Nxe5 e6 8.O-O Be7
9.Qxd4 O-O 10.Bxd5 exd5 11.Nd2 Nc6 12.Nxc6 bxc6 13.Nb3 Bf5 14.Be3 Qd6 15.Qd2 Qg6
16.Bc5 Rfe8 17.Bxe7 Rxe7 18.Rfe1 Rae8 19.Rxe7 Rxe7 20.f3 h5 21.Nd4 Bh3 22.Nxc6 Qxc6
23.gxh3 d4 24.Qxd4 Re2 25.Qd8+ Re8 26.Qd2 Qxf3 27.Re1 Rxe1+ 28.Qxe1 Qxh3
29.Qe8+ Kh7 30.Qxf7 Qg4+ 31.Kf2 Qh4+ 32.Kg2 Qg4+ 33.Kf2  1/2-1/2

[Event "It Jose Rubinstein"]
[Site "Vicente Lopez ARG"]
[Date "2000.11.18"]
[Round "3"]
[White "Malbran,G"]
[Black "Juarez,CE"]
[Result "1-0"]
[WhiteElo "2399"]
[BlackElo "2179"]

1.e4 c5 2.c3 Nf6 3.e5 Nd5 4.d4 cxd4 5.Nf3 Nc6 6.Bc4 Nb6 7.Bb3 d6 8.e6 Bxe6
9.Bxe6 fxe6 10.cxd4 Qd7 11.Nc3 O-O-O 12.O-O h6 13.Qd3 Qe8 14.a4 Kb8 15.Re1 Qf7
16.a5 Nd5 17.Nxd5 exd5 18.a6 b6 19.Qb5 Rc8 20.Bd2 e5 21.Rac1 Qe8 22.Qxd5 Rc7
23.dxe5 dxe5 24.Nxe5 Bc5 25.Nxc6+ Qxc6 26.Qxc6 Rxc6 27.b4  1-0

[Event "Tch-AUT 2000-01"]
[Site "Gleisdorf AUT"]
[Date "2000.11.19"]
[Round "5"]
[White "Neubauer,M"]
[Black "Wiedner,R"]
[Result "1-0"]
[WhiteElo "2352"]
[BlackElo "2235"]

1.e4 c5 2.c3 Nf6 3.e5 Nd5 4.d4 cxd4 5.Nf3 e6 6.cxd4 d6 7.Bc4 Nb6 8.Bd3 Nc6
9.O-O Nb4 10.Bg5 Be7 11.Bxe7 Qxe7 12.Nc3 Nxd3 13.Qxd3 dxe5 14.dxe5 O-O 15.Ne4 h6
16.Nd6 Nd5 17.Rfe1 Bd7 18.Nd4 Nb4 19.Qd2 Nc6 20.Nc2 Rfd8 21.Rad1 Be8 22.f4 a5
23.a3 a4 24.Re3 Na5 25.Rd3 Nb3 26.Qf2 b5 27.Nb4 f5 28.h3 Na5 29.Kh2 Rab8
30.Na6 Ra8 31.Qb6 Qa7 32.Qxa5 Qxa6 33.Qxa6 Rxa6 34.Rc1 Kf8 35.Rc7 Rb6 36.Rdc3 Bd7
37.Ra7 Bc6 38.Rf7+ Kg8 39.Rc7 Bd5 40.Ra7 Rc6 41.Rg3 g5 42.Nf7  1-0

[Event "Scaccomatto"]
[Site "Torino ITA"]
[Date "2000.11.19"]
[Round "2"]
[White "Maccagno,G"]
[Black "Malano,F"]
[Result "1-0"]
[WhiteElo "2152"]
[BlackElo "2028"]

1.e4 c5 2.c3 Nf6 3.e5 Nd5 4.d4 cxd4 5.Qxd4 e6 6.Nf3 Nc6 7.Qe4 f5 8.Qe2 Qc7
9.g3 Nde7 10.Na3 Ng6 11.Nb5 Qb8 12.Bf4 a6 13.Nbd4 Be7 14.Bg2 Nxd4 15.Nxd4 Qc7
16.O-O-O O-O 17.h4 Rb8 18.Nf3 Nxf4 19.gxf4 b5 20.Ng5 g6 21.h5 Bxg5 22.fxg5 Qd8
23.f4 b4 24.hxg6 bxc3 25.Rxh7 Qb6 26.b3 Qb4 27.Qh5 Qxf4+ 28.Kb1 Qxe5 29.Rh1 c2+
30.Kxc2 Qc5+ 31.Kb1  1-0

[Event "72nd ch-GER"]
[Site "Seebad Heringsdorf GER"]
[Date "2000.11.20"]
[Round "4"]
[White "Wisnewski,C"]
[Black "Meins,G"]
[Result "1/2-1/2"]
[WhiteElo "2140"]
[BlackElo "2426"]

1.e4 c5 2.c3 Nf6 3.e5 Nd5 4.d4 cxd4 5.cxd4 e6 6.Nf3 b6 7.a3 Bb7 8.Bd3 Be7
9.O-O Nc6 10.Nbd2 O-O 11.Ne4 f5 12.exf6 Nxf6 13.Re1 Kh8 14.b4 Rc8 15.Neg5 Qe8
16.Ne5 Nxd4 17.Nxh7 Nxh7 18.Bg6 Nf3+ 19.gxf3 Qd8 20.f4 Nf6 21.f5 Kg8 22.Bg5 exf5
23.Bxf6 Rxf6 24.Qh5 Rxg6+ 25.Qxg6 Bd5 26.Rad1 Be6 27.Rd3 Bf6 28.Rh3 Qc7 29.Qh7+ Kf8
30.Ng6+ Kf7 31.Qh5 Kg8 32.Nh4 Qc2 33.Nf3 f4 34.Rxe6 dxe6 35.Ng5 Bxg5 36.Qxg5 Qd1+
37.Kg2 Qd5+ 38.Qxd5 exd5 39.Rd3 Rd8 40.Kf3 g5 41.Kg4 Kf7 42.Kxg5 Rh8 43.h3 Ke6
44.Kxf4 Rh4+ 45.Kg3 Rc4 46.Kf3 a5 47.bxa5 bxa5 48.Ke3 Rh4 49.Kd2 Rf4 50.Ke3  1/2-1/2

[Event "Mitropa Team Cup"]
[Site "Charleville FRA"]
[Date "2000.11.25"]
[Round "1"]
[White "Kos,T"]
[Black "Degraeve,JM"]
[Result "0-1"]
[WhiteElo "2400"]
[BlackElo "2540"]

1.e4 c5 2.c3 Nf6 3.e5 Nd5 4.d4 cxd4 5.Nf3 e6 6.cxd4 d6 7.Bc4 Nc6 8.O-O Be7
9.exd6 Qxd6 10.Nc3 Nxc3 11.bxc3 O-O 12.Qe2 b6 13.Qe4 Bb7 14.Bd3 g6 15.Qe3 Rfe8
16.Bb2 Bf6 17.Rfd1 e5 18.dxe5 Nxe5 19.Be4 Qc7 20.Bxb7 Qxb7 21.Nxe5 Rxe5 22.Qd2 Rc5
23.Rac1 Rac8 24.c4 Bxb2 25.Qxb2 Qc7 26.Rd4 b5 27.Rcd1 Rxc4 28.R4d2 Rc5 29.h3 Qe5
30.Rd8+ Rxd8 31.Rxd8+ Kg7 32.Qxe5+ Rxe5 33.Ra8 Re7 34.Kf1 h5 35.g3 Kf6 36.Rb8 a6
37.Rb6+ Re6 38.Rb7 Rc6 39.Ra7 Ke6 40.Ke1 f5 41.Kd2 Kd5 42.Rd7+ Kc4 43.Kc2 Re6
44.Rd2 b4 45.Kb2 a5 46.a3 f4 47.axb4 axb4 48.gxf4 Rf6 49.Rc2+ Kb5 50.Kb1 Rxf4
51.Re2 Rf6 52.h4 Ka4 53.Ra2+ Kb3 54.Rb2+ Kc3 55.Re2 b3 56.Re3+ Kb4 57.Re4+ Ka3
58.f4 Rd6 59.Re1 Rd2 60.Rg1 Rf2  0-1

[Event "Norkom European Masters"]
[Site "Kilkenny IRL"]
[Date "2000.11.25"]
[Round "2"]
[White "Brady,S"]
[Black "Hynes,K"]
[Result "1-0"]
[WhiteElo "2310"]
[BlackElo "2231"]

1.e4 c5 2.c3 Nf6 3.e5 Nd5 4.d4 cxd4 5.Nf3 e6 6.Bc4 Nb6 7.Bb3 d6 8.exd6 Bxd6
9.cxd4 O-O 10.Nc3 N8d7 11.O-O Nf6 12.Ne5 Be7 13.Re1 Bd7 14.Qf3 Bc6 15.Nxc6 bxc6
16.Qxc6 Qxd4 17.Be3 Qd7 18.Qf3 Rfc8 19.Rac1 Bb4 20.Red1 Qe8 21.Bg5 Be7 22.Bf4 a5
23.Bc2 Nfd5 24.Nxd5 Nxd5 25.Be4 Qb5 26.Be5 Rxc1 27.Rxc1 Rd8 28.Rd1  1-0

[Event "Scaccomatto"]
[Site "Torino ITA"]
[Date "2000.11.25"]
[Round "8"]
[White "Maccagno,G"]
[Black "Quinn,M"]
[Result "0-1"]
[WhiteElo "2152"]
[BlackElo "2381"]

1.e4 c5 2.c3 Nf6 3.e5 Nd5 4.d4 cxd4 5.Qxd4 e6 6.Nf3 Nc6 7.Qe4 f5 8.Qe2 Qc7
9.g3 b6 10.c4 Ba6 11.b3 Bb4+ 12.Bd2 Bxd2+ 13.Nbxd2 Ndb4 14.Nb1 g5 15.a3 g4
16.axb4 gxf3 17.Qe3 Nxb4 18.Qc3 Nc2+ 19.Kd1 Nxa1 20.Qxa1 Bb7 21.Na3 a6 22.Bd3 Qc5
23.Qb2 d6 24.Re1 O-O-O 25.Kc1 dxe5 26.Rxe5 Qd4  0-1

[Event "Mitropa Cup"]
[Site "Aymavilles ITA"]
[Date "2000.11.26"]
[Round "9"]
[White "Castaldo,F"]
[Black "Pinter,E"]
[Result "1-0"]
[WhiteElo "2227"]
[BlackElo "2238"]

1.e4 c5 2.c3 Nf6 3.e5 Nd5 4.d4 cxd4 5.Nf3 e6 6.cxd4 b6 7.Nc3 Nxc3 8.bxc3 Qc7
9.Bd2 Be7 10.Bd3 Ba6 11.Bxa6 Nxa6 12.Qe2 Qb7 13.O-O Nc7 14.Bg5 f6 15.exf6 gxf6
16.Bh4 h5 17.c4 Kf7 18.Rfe1 Rag8 19.d5 Bd6 20.Rad1 e5 21.Qe4 Ne8 22.Qf5 Qc7
23.Ng5+ Rxg5 24.Bxg5 Qxc4 25.Qxd7+ Kg6 26.Bxf6 Kxf6 27.Re3 Qc7 28.Rf3+ Kg6
29.Rg3+ Kh6 30.Qe6+ Kh7 31.Qg6+  1-0

[Event "Mitropa Team Cup"]
[Site "Charleville FRA"]
[Date "2000.11.27"]
[Round "3"]
[White "Kos,T"]
[Black "Handke,F"]
[Result "1/2-1/2"]
[WhiteElo "2400"]
[BlackElo "2455"]

1.e4 c5 2.c3 Nf6 3.e5 Nd5 4.d4 cxd4 5.Qxd4 e6 6.Nf3 Nc6 7.Qe4 d6 8.Nbd2 dxe5
9.Nxe5 Nxe5 10.Qxe5 Qc7 11.Bb5+ Bd7 12.Qxc7 Nxc7 13.Bxd7+ Kxd7 14.c4 Be7
15.Ke2 Rhd8 16.Nf3 Ke8 17.Be3 Na6 18.Rhd1 Bc5 19.Nd4 Ke7 20.a3 e5 21.Nb5 Bxe3
22.Rxd8 Rxd8 23.fxe3 Nc5 24.Nxa7 Nb3 25.Rd1 Rxd1 26.Kxd1 Na5 27.c5 Nc4 28.Ke2 Nxb2
29.c6 bxc6 30.Nxc6+ Kd6 31.Nb4 f5 32.Nc2 g5 33.Kd2 Na4 34.Ke2 h5 35.h3 Kd5
36.Ne1 g4 37.hxg4 hxg4 38.Nd3 Nc3+ 39.Kf2 Kd6 40.Nb4 Kc5 41.Kg3 Kc4 42.Nc6 Kd5
43.Ne7+ Ke4 44.Ng6 Na4 45.Kh4 Nb6 46.Kg5 Nc4 47.a4 g3 48.Kh4 Kxe3 49.Kxg3 Kd4
50.Kf2 Kd3 51.a5 Nxa5  1/2-1/2

[Event "Autumn Cup GM"]
[Site "Bucharest ROM"]
[Date "2000.11.28"]
[Round "8"]
[White "Szabo,G ROM"]
[Black "Matulovic,M"]
[Result "1-0"]
[WhiteElo "2330"]
[BlackElo "2433"]

1.e4 c5 2.c3 Nf6 3.e5 Nd5 4.d4 cxd4 5.Nf3 Nc6 6.Bc4 Nb6 7.Bb3 d5 8.exd6 Qxd6
9.O-O Be6 10.Na3 Bxb3 11.Qxb3 Qd5 12.Nb5 Rc8 13.Rd1 Qxb3 14.axb3 dxc3 15.Nxa7 c2
16.Rd3 Nxa7 17.Rxa7 g6 18.Kf1 e6 19.Rc3 Bg7 20.Rxc8+ Nxc8 21.Rxb7 O-O 22.Rc7 Nb6
23.Rxc2 Nd5 24.Be3 Nxe3+ 25.fxe3 Rb8 26.Nd2 Kf8 27.Ke2 Rb7 28.Kd1 Ke7 29.Kc1 Kd7
30.Ne4 Rb5 31.Rc4 f5 32.Nc5+ Kd6 33.b4 Kd5 34.b3 Rb6 35.Kc2 h5 36.Kd3 Kd6
37.g3 Rb8 38.Na6 Rb6 39.Nc7  1-0

[Event "Mitropa Team Cup"]
[Site "Charleville FRA"]
[Date "2000.11.28"]
[Round "4"]
[White "Ekstroem,R"]
[Black "Fressinet,L"]
[Result "1/2-1/2"]
[WhiteElo "2487"]
[BlackElo "2536"]

1.e4 c5 2.c3 Nf6 3.e5 Nd5 4.Nf3 Nc6 5.Bc4 Nb6 6.Bb3 g6 7.d4 cxd4 8.cxd4 Bg7
9.Bf4 d6 10.exd6 O-O 11.h3 Nxd4 12.Nxd4 e5 13.Bg3 exd4 14.O-O Bf5 15.Nd2 Nc8
16.Nc4 b5 17.Ne5 Nxd6 18.Nc6 Qd7 19.Nxd4 Nc4 20.Nxf5 Qxf5 21.Bxc4 bxc4 22.Rc1 Qa5
23.Rxc4 Qxa2 24.b3 Rad8 25.Qf3 Qd2 26.Bf4  1/2-1/2

[Event "1st It"]
[Site "Odivelas POR"]
[Date "2000.11.28"]
[Round "1"]
[White "Leite,C"]
[Black "Roeder,M"]
[Result "0-1"]
[WhiteElo "2089"]
[BlackElo "2467"]

1.e4 c5 2.c3 Nf6 3.e5 Nd5 4.d4 cxd4 5.Nf3 Nc6 6.cxd4 d6 7.exd6 Qxd6 8.Nc3 g6
9.Bc4 Nb6 10.Bb3 Bg7 11.O-O O-O 12.Ne4 Qd8 13.Be3 Na5 14.Bc2 Nd5 15.a3 b6
16.Qe2 Bb7 17.b4 Nc6 18.Rac1 Qd7 19.Rfd1 Rac8 20.Bd3 Rfd8 21.Bb5 Qg4 22.Neg5 Nxd4
23.Nxd4 Nxe3 24.Qxg4 Nxg4 25.h3 Nxf2 26.Rxc8 Bxc8 27.Kxf2 Bxd4+ 28.Ke2 Bb7
29.Bc4 e6 30.g4 Bf6 31.Rxd8+ Bxd8 32.Nf3 Bf6 33.Nd2 Bc3 34.Nb1  0-1

[Event "1st It"]
[Site "Odivelas POR"]
[Date "2000.11.29"]
[Round "2"]
[White "Leite,C"]
[Black "Guerra,V"]
[Result "0-1"]
[WhiteElo "2089"]
[BlackElo "2156"]

1.e4 c5 2.c3 Nf6 3.e5 Nd5 4.d4 cxd4 5.Nf3 e6 6.cxd4 d6 7.Nc3 Nxc3 8.bxc3 Nc6
9.exd6 Qxd6 10.Bd3 Be7 11.O-O b6 12.Ng5 Bb7 13.Qf3 Bxg5 14.Bxg5 Na5 15.Qg4 Qd7
16.c4 f5 17.Qh5+ Qf7 18.Qxf7+ Kxf7 19.d5 exd5 20.cxd5 Kg6 21.h4 Bxd5 22.g4 Be4
23.Bxe4 fxe4 24.Rad1 Nb7 25.Be3 Rhd8 26.Bg5 Rxd1 27.Rxd1 h6 28.Be7 Na5 29.Rd6+ Kf7
30.Rd7 Nc6 31.Ba3+ Kg8 32.Bb2 Rd8 33.Rxg7+ Kf8 34.Rh7 Rd1+ 35.Kg2 e3 36.Kf3 exf2
37.Kxf2 Rd2+ 38.Kf3 Rxb2 39.Rxh6 Ne5+ 40.Kf4 Nf7 41.Rc6 Rxa2 42.g5 Rf2+ 43.Kg3 Rf3+
44.Kg2 Ra3 45.g6 Ne5 46.Rc8+ Kg7 47.h5 Nxg6 48.hxg6 Kxg6 49.Kf2 Kf6 50.Ke2 Ke6
51.Kd2 Kd7 52.Rc4 Ra5 53.Rh4 Re5 54.Kc3 Kc6 55.Rh7 a6 56.Rh6+ Kb5 57.Rg6 a5
58.Rg8 Ka4 59.Rg4+ Ka3 60.Rg1 Rc5+ 61.Kd4 Rc2 62.Kd3 Rc6 63.Rg5 Ka4 64.Rg4+ Kb5
65.Rg5+ Rc5 66.Rg1 a4 67.Rb1+ Ka5 68.Kd4 Rc8 69.Rg1 a3 70.Rg7 Kb4 71.Ra7 b5  0-1

[Event "Belgian Interteams 2000-1"]
[Site "BEL"]
[Date "2000.12.03"]
[Round "4"]
[White "De Wit,M"]
[Black "Hautot,S"]
[Result "1-0"]
[WhiteElo "2311"]
[BlackElo "2243"]

1.e4 c5 2.c3 Nf6 3.e5 Nd5 4.d4 cxd4 5.Nf3 Nc6 6.Bc4 Nb6 7.Bb3 d6 8.exd6 Qxd6
9.Na3 Be6 10.Nb5 Qd7 11.O-O Bd5 12.Bf4 Rc8 13.Nbxd4 Nxd4 14.Nxd4 e6 15.Qg4 h5
16.Qe2 Be7 17.Rfd1 h4 18.Nb5 a6 19.Bxd5 Nxd5 20.Nd6+ Kf8 21.Nxc8 Qxc8 22.Be5 f6
23.c4 Nb6 24.Bd6 h3 25.c5 Qc6 26.Qg4 Rh4 27.Bxe7+ Kf7 28.Qf3 Nd5 29.Bd6 hxg2
30.Rxd5 exd5 31.Rd1 Re4 32.Qh5+ Ke6 33.Qg6 Qa4 34.b3 Qxa2 35.Qe8+ Kf5 36.Rxd5+  1-0

[Event "Autumn Cup GM"]
[Site "Bucharest ROM"]
[Date "2000.12.03"]
[Round "13"]
[White "Murariu,A"]
[Black "Simantsev,M"]
[Result "0-1"]
[WhiteElo "2299"]
[BlackElo "2403"]

1.e4 c5 2.c3 Nf6 3.e5 Nd5 4.d4 cxd4 5.Nf3 Nc6 6.Bc4 Nb6 7.Bb3 d5 8.exd6 Qxd6
9.O-O Bf5 10.Na3 a6 11.Bxf7+ Kxf7 12.Qb3+ Nd5 13.Nc4 Qc5 14.Qxb7 Rc8 15.Qxa6 Kg8
16.cxd4 Ncb4 17.dxc5 Nxa6 18.Ne3 e6 19.Nxf5 exf5 20.Rd1 Nf6 21.Nd4 g6 22.c6 Bc5
23.Be3 Kf7 24.Rac1 Rhd8 25.g3 Ng4 26.a3 Ne5 27.Kg2 Nxc6 28.Nxc6 Rxd1 29.Rxd1 Rxc6
30.Bxc5 Nxc5 31.b4 Ne4 32.Rd7+ Ke6 33.Rxh7 Rc2 34.b5 Rxf2+ 35.Kg1 Ra2 36.Ra7 Nd6
37.Ra6 Kd5 38.a4 g5 39.b6 g4 40.a5 Ke4 41.Kf1 Kf3 42.Ke1 Nc4 43.Kd1 Rxa5
44.b7 Rb5 45.Rc6 Ne3+  0-1